Statistiques concernant Culture Générale - Série 1459

Cliquez ici pour prendre le quiz!

Statistiques générales

  • Ce quiz a été pris 93 fois
  • Le résultat moyen est 5 sur 10

Statistiques - réponses

QuestionRéponse% Correct
Quel pays Jacques Brel surnommait-il le "plat pays" ?Belgique
98%
Selon le titre du premier volet de la saga cinématographique "OSS 117" avec Jean Dujardin, quelle ville est un "nid d'espions" ?Le Caire
71%
Que signifie le "R" dans URSS ?Républiques
66%
De quel mot le matériau appelé "placo" est-il l'abréviation ?placoplâtre
63%
Quel tube disco sorti en 1979 a assuré la renommée de Patrick Hernandez ?Born To Be Alive
62%
Quel poète dramatique anglais est l'auteur de la pièce "Timon d'Athènes", en 1607 ?William Shakespeare
57%
Quel État insulaire des Petites Antilles se situe entre la Guadeloupe et la Martinique ?Dominique
42%
En 1972, quel pilote automobile français, prénommé Jean-Pieerre, remporte le grand prix de Monaco ?Jean-Pierre Beltoise
22%
Qui caracola en tête du hit-parade avec "Rock Amadour" en 1982 ?Gérard Blanchard
16%
Le 6 juin 1944, quel nom de code est donné à la phase d'assaut de l'opération Overlord, lors de laquelle les forces alliées ont débarqué sur les plages normandes ?Neptune
1%

Distribution des résultats

Percentile par nombre de réponses

% des personnes avec chaque résultat

Votre développement - résultats

Vous n’avez pas pris ce quiz